000 00821nas a2200265 4500
001 BR0101009
003 BR-BrBNA
005 20231205102127.0
007 ta
008 230509b bl.|||p| |||| 00| 00por d
040 _aBR-BrBNA
_bpor
_cBiblioteca Nacional de Agricultura
041 _a(Pt)
072 _aF02
100 1 _aTrevisan, R.
100 1 _aSchwartz, E.
100 1 _aKersten, E.
245 1 _aCapacidade de enraizamento de estacas de ramos de pessegueiro (Prunus persica (L.)Batsch)de diferentes cultivares
650 _aPessego
650 _aEnraizamento de Estaca
650 _aAcido Indolbutirico
650 _aVariedade
773 0 _tRevista Cientifica Rural (Brazil)
_xISSN 1413-8263
_g(2000), v. 5(1) p. 29-33
_wBR0101009
909 _a202311
_bLúcia
_c55
_dLúcia Elande
942 _2AGRIS
_n0
_cANA
999 _c165883
_d165883